<?xml version="1.0" encoding="UTF-8"?>
<collection xmlns="http://www.loc.gov/MARC21/slim">
 <record>
  <leader>00434nam a22001335a 4500</leader>
  <controlfield tag="001">EHU.bham008929</controlfield>
  <controlfield tag="003">AR-BHAM</controlfield>
  <controlfield tag="005">20100108104106.0</controlfield>
  <controlfield tag="008">130507s1963##################000#0#####d</controlfield>
  <datafield tag="082" ind1="8" ind2="6">
   <subfield code="a">864.6</subfield>
  </datafield>
  <datafield tag="245" ind1="0" ind2="0">
   <subfield code="a">Studia philologica :</subfield>
   <subfield code="b">homenaje ofrecido a damaso alonso. tomo 3 /</subfield>
   <subfield code="c"> .</subfield>
  </datafield>
  <datafield tag="260" ind1=" " ind2=" ">
   <subfield code="a">Madrid :</subfield>
   <subfield code="b">Gredos,</subfield>
   <subfield code="c">1963</subfield>
  </datafield>
  <datafield tag="653" ind1=" " ind2=" ">
   <subfield code="a">Ensayo espaÑol-1701-1800</subfield>
  </datafield>
  <datafield tag="859" ind1=" " ind2=" ">
   <subfield code="a">AR-BHAM</subfield>
   <subfield code="b">BIB. HUMANIDADES - General</subfield>
   <subfield code="h">864.6</subfield>
   <subfield code="i">ST94</subfield>
   <subfield code="p">165.86</subfield>
   <subfield code="t">Ej.1</subfield>
   <subfield code="v">III</subfield>
   <subfield code="3">III</subfield>
  </datafield>
 </record>
</collection>
